[Event "St Petersburg White Nights op"]
[Site "St Petersburg"]
[Date "2010.06.24"]
[Round "9"]
[White "Babakhin, Anton"]
[Black "Orava, Alexandra"]
[Result "1-0"]
[WhiteElo "1963"]
[BlackElo "1789"]
[PlyCount "79"]
[EventDate "2010.06.16"]
[EventType "swiss"]
[EventRounds "9"]
[EventCountry "RUS"]
[SourceTitle "EXT 2011"]
[Source "ChessBase"]
[SourceDate "2010.11.26"]
[SourceVersion "1"]
[SourceVersionDate "2010.11.26"]
[SourceQuality "1"]

1. d4 d5 2. c4 c6 3. Nf3 Nf6 4. Nc3 Bf5 5. e3 h6 6. Qb3 Qb6 7. Qxb6 axb6 8. cxd5 Nxd5 9. Nxd5 cxd5 10. Bb5+ Bd7 11. Bd3 e6 12. Ne5 Bb4+ 13. Bd2 Bxd2+ 14. Kxd2 0-0 15. Rhc1 Bc6 16. b4 Rc8 17. b5 Bd7 18. Rxc8+ Bxc8 19. Rc1 Nd7 20. a4 Nxe5 21. dxe5 Kf8 22. Rc7 Rb8 23. Kc3 Ke8 24. Kb4 Ra8 25. f4 Rb8 26. g4 Bd7 27. h4 Kd8 28. Rc2 Rc8 29. Rxc8+ Bxc8 30. e4 dxe4 31. Bxe4 Ke7 32. a5 f6 33. exf6+ gxf6 34. axb6 Kd6 35. g5 fxg5 36. fxg5 hxg5 37. hxg5 Ke5 38. g6 Kf6 39. Kc5 e5 40. Kd6 1-0

[Event "St Petersburg White Nights op"]
[Site "St Petersburg"]
[Date "2010.06.19"]
[Round "4"]
[White "Babakhin, Anton"]
[Black "Chuprova, Irina"]
[Result "0-1"]
[WhiteElo "1963"]
[BlackElo "1698"]
[PlyCount "84"]
[EventDate "2010.06.16"]
[EventType "swiss"]
[EventRounds "9"]
[EventCountry "RUS"]
[SourceTitle "EXT 2011"]
[Source "ChessBase"]
[SourceDate "2010.11.26"]
[SourceVersion "1"]
[SourceVersionDate "2010.11.26"]
[SourceQuality "1"]

1. e4 c5 2. Nf3 d6 3. d4 Nf6 4. Nc3 cxd4 5. Nxd4 g6 6. Be2 Bg7 7. Be3 0-0 8. Qd2 Nc6 9. 0-0-0 Nxd4 10. Bxd4 Be6 11. h4 Qa5 12. a3 Rfc8 13. h5 b5 14. hxg6 hxg6 15. Qg5 Qc7 16. Qh4 a5 17. Bxb5 Qb7 18. a4 Bc4 19. Rh2 e5 20. Be3 Bxb5 21. axb5 Rxc3 22. bxc3 Nxe4 23. Qh7+ Kf8 24. Bh6 Bxh6+ 25. Qxh6+ Ke7 26. Qe3 a4 27. f3 Nf6 28. Qd3 Qb6 29. Kb2 Nd7 30. Qd5 Ra5 31. c4 Nf6 32. Qd2 Qc7 33. Qb4 Ra8 34. Ra1 Nd7 35. Rxa4 Rxa4 36. Qxa4 Nb6 37. Qb4 Nxc4+ 38. Kb3 Na5+ 39. Ka4 Nb7 40. c4 Nc5+ 41. Ka3 Qa7+ 42. Kb2 Nd3+ 0-1

[Event "St Petersburg op"]
[Site "St Petersburg"]
[Date "2009.01.09"]
[Round "7"]
[White "Babakhin, Anton"]
[Black "Penkov, Aleksey"]
[Result "0-1"]
[WhiteElo "1986"]
[BlackElo "2010"]
[PlyCount "144"]
[EventDate "2009.01.03"]
[EventType "swiss"]
[EventRounds "9"]
[EventCountry "RUS"]
[SourceTitle "EXT 2010"]
[Source "ChessBase"]
[SourceDate "2010.11.25"]
[SourceVersion "1"]
[SourceVersionDate "2010.11.25"]
[SourceQuality "1"]

1. e4 c5 2. Nf3 d6 3. d4 cxd4 4. Nxd4 Nf6 5. f3 a6 6. c4 g6 7. Nc3 Bg7 8. Be3 Bd7 9. Be2 Nc6 10. Qd2 0-0 11. 0-0 Qa5 12. Rfd1 Rfb8 13. Nb3 Qd8 14. Rac1 b5 15. cxb5 axb5 16. Bxb5 Ne5 17. Bf1 Rb4 18. Nd4 Qb8 19. b3 Ra5 20. a4 Rb7 21. Ncb5 Ra8 22. Rc2 d5 23. Bd3 Nxd3 24. Qxd3 dxe4 25. fxe4 Ng4 26. g3 h5 27. Rdc1 Kh7 28. Rf1 Be8 29. Qe2 Nxe3 30. Qxe3 Bh6 31. Qf3 Ra6 32. Qd3 Rd7 33. Nc7 Rxc7 34. Qxa6 Be3+ 35. Kg2 Bxd4 36. Rxc7 Qxc7 37. Qd3 e5 38. Re1 Bc6 39. Kf1 Qb7 40. Re2 Kg7 41. Qc2 Bd7 42. Qd3 Bh3+ 43. Ke1 Qb4+ 44. Kd1 Bg4 45. h3 Bxe2+ 46. Kxe2 Qc3 47. Qxc3 Bxc3 48. Kd3 Bd4 49. b4 f5 50. a5 h4 51. gxh4 f4 52. b5 f3 53. b6 f2 54. Ke2 Kh6 55. b7 Ba7 56. b8Q f1Q+ 57. Kxf1 Bxb8 58. Kg2 Kh5 59. Kg3 Ba7 60. Kg2 Kxh4 61. Kh2 g5 62. Kg2 g4 63. hxg4 Kxg4 64. Kf1 Kf3 65. Ke1 Kxe4 66. Ke2 Kd4 67. Kd2 e4 68. Ke2 e3 69. a6 Ke4 70. Ke1 Kf3 71. Kf1 Bc5 72. Ke1 e2 0-1

[Event "St Petersburg op"]
[Site "St Petersburg"]
[Date "2009.01.07"]
[Round "5"]
[White "Tkachev, Ivan"]
[Black "Babakhin, Anton"]
[Result "1-0"]
[WhiteElo "1950"]
[BlackElo "1986"]
[PlyCount "85"]
[EventDate "2009.01.03"]
[EventType "swiss"]
[EventRounds "9"]
[EventCountry "RUS"]
[SourceTitle "EXT 2010"]
[Source "ChessBase"]
[SourceDate "2010.11.25"]
[SourceVersion "1"]
[SourceVersionDate "2010.11.25"]
[SourceQuality "1"]

1. d4 d5 2. Bg5 Nf6 3. Nf3 e6 4. e3 Be7 5. c4 0-0 6. Nc3 h6 7. Bh4 b6 8. Bd3 Bb7 9. 0-0 Nbd7 10. Bg3 Ne4 11. Qb3 Nxg3 12. hxg3 dxc4 13. Bxc4 c5 14. Rfd1 Bxf3 15. gxf3 cxd4 16. Rxd4 Bf6 17. Rd2 Qe7 18. Bb5 Nc5 19. Qa3 Rac8 20. Rc1 Rfd8 21. Rcd1 Rxd2 22. Rxd2 Bxc3 23. Qxc3 Qb7 24. Rc2 Rc7 25. Qd4 a6 26. Be2 Rd7 27. Qc4 a5 28. a3 Qd5 29. Qb5 Qd6 30. b4 axb4 31. axb4 Nb7 32. Rc6 Qd5 33. Qxd5 Rxd5 34. Rxb6 Nd8 35. b5 Kf8 36. Rb8 Ke7 37. b6 Kd7 38. f4 Ra5 39. Kg2 f6 40. b7 Nc6 41. Ra8 Rc5 42. Bf3 Kc7 43. Bxc6 1-0

[Event "St Petersburg op"]
[Site "St Petersburg"]
[Date "2009.01.04"]
[Round "2"]
[White "Babakhin, Anton"]
[Black "Kiseleva, Arina"]
[Result "1/2-1/2"]
[WhiteElo "1986"]
[BlackElo "1830"]
[PlyCount "38"]
[EventDate "2009.01.03"]
[EventType "swiss"]
[EventRounds "9"]
[EventCountry "RUS"]
[SourceTitle "EXT 2010"]
[Source "ChessBase"]
[SourceDate "2010.11.25"]
[SourceVersion "1"]
[SourceVersionDate "2010.11.25"]
[SourceQuality "1"]

1. d4 Nf6 2. c4 e6 3. Nf3 Bb4+ 4. Nc3 d5 5. e3 0-0 6. Bd2 c5 7. cxd5 cxd4 8. Nxd4 Nxd5 9. Nxd5 Bxd2+ 10. Qxd2 Qxd5 11. Nf3 Qxd2+ 12. Nxd2 Nc6 13. Be2 e5 14. 0-0 Be6 15. Bc4 Rfd8 16. Rfd1 Rxd2 17. Rxd2 Bxc4 18. Rd7 Rb8 19. b3 Be6 1/2-1/2

[Event "St Petersburg Autumn op"]
[Site "St Petersburg"]
[Date "2009.??.??"]
[Round "5"]
[White "Babakhin, Anton"]
[Black "Kudriavtsev, Yury"]
[Result "1/2-1/2"]
[WhiteElo "1965"]
[BlackElo "1940"]
[PlyCount "91"]
[EventDate "2009.10.??"]
[EventType "swiss"]
[EventRounds "9"]
[EventCountry "RUS"]
[SourceTitle "EXT 2011"]
[Source "ChessBase"]
[SourceDate "2010.11.26"]
[SourceVersion "1"]
[SourceVersionDate "2010.11.26"]
[SourceQuality "1"]

1. d4 d5 2. c4 e6 3. Nc3 c6 4. Nf3 dxc4 5. a4 Bb4 6. Bd2 a5 7. e3 b5 8. Ne5 Nf6 9. Qf3 Bxc3 10. Bxc3 Ra6 11. Qg3 0-0 12. Nxc4 bxc4 13. Qxb8 Qd5 14. f3 c5 15. Qe5 cxd4 16. exd4 Bb7 17. Be2 Rfa8 18. 0-0 Rb6 19. Rfc1 Nd7 20. Qg3 Bc6 21. f4 Nf6 22. Bf3 Qd8 23. Qg5 Bxf3 24. gxf3 Qd5 25. Qg2 Qf5 26. Bd2 Rxb2 27. Qe2 Rc2 28. Qd1 Rxc1 29. Rxc1 Qd3 30. Be1 Qe3+ 31. Kh1 Nd5 32. Rxc4 Qxf4 33. Bg3 Qf5 34. Rc5 h5 35. Qf1 Qg5 36. Qe1 Qf5 37. Qf1 Qf6 38. Qf2 Qf5 39. Qf1 g5 40. Kg1 h4 41. Bd6 Kh7 42. h3 Kg6 43. Rb5 Kh6 44. Rc5 Qg6 45. Qe1 Qf5 46. Qf1 1/2-1/2

[Event "St Petersburg Autumn op"]
[Site "St Petersburg"]
[Date "2009.??.??"]
[Round "8"]
[White "Zorin, Roman"]
[Black "Babakhin, Anton"]
[Result "1-0"]
[WhiteElo "2065"]
[BlackElo "1965"]
[PlyCount "111"]
[EventDate "2009.10.??"]
[EventType "swiss"]
[EventRounds "9"]
[EventCountry "RUS"]
[SourceTitle "EXT 2011"]
[Source "ChessBase"]
[SourceDate "2010.11.26"]
[SourceVersion "1"]
[SourceVersionDate "2010.11.26"]
[SourceQuality "1"]

1. e4 e5 2. Nf3 Nc6 3. Bb5 a6 4. Ba4 Nf6 5. 0-0 Be7 6. Re1 b5 7. Bb3 0-0 8. h3 d6 9. c3 Na5 10. Bc2 c5 11. d4 Qc7 12. Nbd2 cxd4 13. cxd4 Bb7 14. d5 Rac8 15. Bd3 Nd7 16. g4 Qd8 17. Nf1 h6 18. Ng3 Bg5 19. Nxg5 hxg5 20. Kg2 Re8 21. Rh1 Nf8 22. Nf5 Ng6 23. h4 Nxh4+ 24. Nxh4 gxh4 25. g5 g6 26. Rxh4 Kg7 27. b3 Ba8 28. Bd2 Nb7 29. Rh7+ Kf8 30. Qf3 Rc7 31. Rh8+ Ke7 32. Qf6+ Kd7 33. Qxf7+ Qe7 34. Qxe8+ Qxe8 35. Rxe8 Kxe8 36. Rh1 Rf7 37. b4 Nd8 38. Kg3 Ke7 39. Rh6 Rg7 40. Rh8 Rf7 41. Rg8 Bb7 42. Be3 Rf8 43. Rxg6 Bc8 44. Rg7+ Rf7 45. Rxf7+ Kxf7 46. Bb6 Nb7 47. Be2 Bd7 48. Bg4 Bxg4 49. Kxg4 Kg6 50. f4 exf4 51. Kxf4 Kf7 52. Kf5 Kg7 53. g6 Kg8 54. Kf6 Kf8 55. g7+ Kg8 56. Bc7 1-0

[Event "Kostroma Volga Cup op"]
[Site "Kostroma"]
[Date "2008.07.??"]
[Round "5"]
[White "Babakhin, Anton"]
[Black "Larina, Marija"]
[Result "1-0"]
[WhiteElo "1974"]
[BlackElo "2102"]
[PlyCount "65"]
[EventDate "2008.07.??"]
[EventType "swiss"]
[EventRounds "9"]
[EventCountry "RUS"]
[SourceTitle "EXT 2009"]
[Source "ChessBase"]
[SourceDate "2008.11.26"]
[SourceVersion "1"]
[SourceVersionDate "2008.11.26"]
[SourceQuality "1"]

1. e4 c5 2. Nf3 Nc6 3. d4 cxd4 4. Nxd4 e5 5. Nb5 d6 6. N1c3 a6 7. Na3 Be7 8. Nd5 Nf6 9. Nxf6+ Bxf6 10. Nc4 Be7 11. Be2 Nd4 12. 0-0 b5 13. Ne3 Be6 14. c3 Nxe2+ 15. Qxe2 0-0 16. Rd1 f5 17. exf5 Bxf5 18. Nxf5 Rxf5 19. a4 bxa4 20. Rxa4 a5 21. Be3 Qb8 22. Qc4+ Kh8 23. Qe6 Qf8 24. b4 Rf6 25. Qd5 Rc8 26. bxa5 Rxc3 27. a6 Rc8 28. a7 Ra8 29. Rb4 Qe8 30. Qxa8 Qxa8 31. Rb8+ Rf8 32. Rxa8 Rxa8 33. Rb1 1-0

[Event "Kostroma Volga Cup op"]
[Site "Kostroma"]
[Date "2008.07.??"]
[Round "7"]
[White "Orlovtsev, Alexander"]
[Black "Babakhin, Anton"]
[Result "0-1"]
[WhiteElo "2058"]
[BlackElo "1974"]
[PlyCount "100"]
[EventDate "2008.07.??"]
[EventType "swiss"]
[EventRounds "9"]
[EventCountry "RUS"]
[SourceTitle "EXT 2009"]
[Source "ChessBase"]
[SourceDate "2008.11.26"]
[SourceVersion "1"]
[SourceVersionDate "2008.11.26"]
[SourceQuality "1"]

1. d4 d5 2. e3 Nf6 3. f4 Bf5 4. Nf3 e6 5. Be2 Bd6 6. 0-0 0-0 7. b3 c5 8. Ne5 Nc6 9. a3 Rc8 10. Bb2 cxd4 11. exd4 Bxc2 12. Qe1 Bxb3 13. Bd3 Qb6 14. Qe3 Ba4 15. Rf2 Bb5 16. g4 Bxd3 17. Qxd3 Bxe5 18. fxe5 Nxg4 19. Rg2 Ngxe5 20. Qg3 Ng6 21. Nc3 Nxd4 22. Kh1 Nf5 23. Qe1 Nfh4 24. Rf2 Qc6 25. Rc1 d4+ 26. Ne4 Qd5 27. Kg1 Rxc1 28. Bxc1 Nf5 29. Ng5 Ne5 30. Qe2 h6 31. Nh3 d3 32. Qd1 Rc8 33. Nf4 Qc5 34. Bd2 Nh4 35. Kf1 Nhf3 36. Rxf3 Nxf3 37. Qxf3 Qxa3 38. Qe3 Qa1+ 39. Kg2 Rc2 40. Kg3 Qa2 41. Bb4 Rxh2 42. Qd4 Rb2 43. Qd8+ Kh7 44. Qxd3+ Kg8 45. Qd8+ Kh7 46. Qd3+ g6 47. Bc3 e5 48. Nxg6 Rg2+ 49. Kf3 Qf2+ 50. Ke4 Rxg6 0-1

[Event "St Petersburg Mai op"]
[Site "St Petersburg"]
[Date "2008.05.02"]
[Round "2"]
[White "Fedoseev, Sergey"]
[Black "Babakhin, Anton"]
[Result "1-0"]
[WhiteElo "2175"]
[BlackElo "1991"]
[PlyCount "109"]
[EventDate "2008.05.01"]
[EventType "swiss"]
[EventRounds "9"]
[EventCountry "RUS"]
[SourceTitle "CBM 124 Extra"]
[Source "ChessBase"]
[SourceDate "2008.07.03"]
[SourceVersion "1"]
[SourceVersionDate "2008.07.03"]
[SourceQuality "1"]

1. e4 e5 2. Nf3 Nc6 3. Bc4 Bc5 4. c3 Nf6 5. d3 d6 6. 0-0 Bg4 7. Nbd2 0-0 8. h3 Bh5 9. Bb3 Re8 10. Re1 Bb6 11. Nf1 h6 12. Ng3 Bg6 13. Be3 Bxe3 14. fxe3 d5 15. exd5 Nxd5 16. e4 Nf6 17. Nh4 Kh7 18. Qf3 Na5 19. Ba4 c6 20. Kh2 b5 21. Bc2 c5 22. Rad1 Qc7 23. Rf1 Rad8 24. Kh1 Rd7 25. Nhf5 Qc6 26. Rf2 Nb7 27. Rdf1 Re6 28. Qe2 Bxf5 29. Nxf5 Nd6 30. Ne3 Kg8 31. Nf5 Nxf5 32. Rxf5 c4 33. Qf3 cxd3 34. Bxd3 Red6 35. Bb1 Kf8 36. Rxe5 Rd2 37. b4 a6 38. Rf5 Qe6 39. Rc5 Rd8 40. Rf5 R8d7 41. Rc5 Rd8 42. e5 Nd7 43. Bf5 Qe7 44. Bxd7 R2xd7 45. Qf5 Kg8 46. Kh2 Re8 47. Re1 Rd2 48. a3 Qb7 49. Qg4 h5 50. Qg5 Ra2 51. Re3 f6 52. Qg6 Rf2 53. Qxe8+ Kh7 54. Qxh5+ Kg8 55. Rg3 1-0

[Event "St Petersburg March op"]
[Site "St Petersburg"]
[Date "2008.03.29"]
[Round "8"]
[White "Martynov, Pavel1111"]
[Black "Babakhin, Anton"]
[Result "1-0"]
[WhiteElo "1971"]
[BlackElo "1991"]
[PlyCount "132"]
[EventDate "2008.03.22"]
[EventType "swiss"]
[EventRounds "9"]
[EventCountry "RUS"]
[SourceTitle "EXT 2010"]
[Source "ChessBase"]
[SourceDate "2010.11.25"]
[SourceVersion "1"]
[SourceVersionDate "2010.11.25"]
[SourceQuality "1"]

1. d4 d5 2. Nf3 e6 3. c4 Nf6 4. g3 Be7 5. Bg2 0-0 6. 0-0 c6 7. Qc2 b6 8. Rd1 Bb7 9. Nc3 Bd6 10. b3 Qe7 11. Bb2 Nbd7 12. e4 dxe4 13. Nxe4 Nxe4 14. Qxe4 Nf6 15. Qc2 c5 16. dxc5 Bxc5 17. Ng5 e5 18. Bxb7 Qxb7 19. Bxe5 h6 20. Bxf6 hxg5 21. Bxg5 Rfe8 22. Rd5 Re6 23. b4 Bxb4 24. Be3 Rc8 25. Rad1 Qc6 26. Rd7 Re7 27. Rd8+ Re8 28. Rxe8+ Qxe8 29. Qb3 Bc5 30. Bxc5 Rxc5 31. Qd3 Rc8 32. Qd7 Qxd7 33. Rxd7 Rxc4 34. Rxa7 Rb4 35. Ra3 Rb2 36. h4 g6 37. Kg2 b5 38. g4 b4 39. Rb3 Rxa2 40. Rxb4 Kg7 41. Kg3 Ra3+ 42. f3 Ra1 43. Rb2 Rg1+ 44. Rg2 Ra1 45. h5 g5 46. Rd2 Ra5 47. Rd3 Rb5 48. Re3 Ra5 49. f4 gxf4+ 50. Kxf4 Kf6 51. Re4 Rb5 52. Rd4 Kg7 53. Ke4 Rg5 54. Kf4 Ra5 55. Kg3 Ra1 56. Rd5 Rg1+ 57. Kh3 Rf1 58. Kh4 Rh1+ 59. Kg5 f6+ 60. Kf5 Rf1+ 61. Ke4 Re1+ 62. Kf3 Rf1+ 63. Kg2 Rf4 64. Kg3 Rf1 65. Rd7+ Kh6 66. Rf7 Kg5 1-0